2007 Microsoft Office System and Your Windows-Based PC. (Record no. 350150)

000 -LEADER
fixed length control field 00627nam a22002297a 4500
003 - CONTROL NUMBER IDENTIFIER
control field OSt
005 - DATE AND TIME OF LATEST TRANSACTION
control field 20180116183008.0
008 - FIXED-LENGTH DATA ELEMENTS--GENERAL INFORMATION
fixed length control field 150817b xxu||||| |||| 00| 0 eng d
020 ## - INTERNATIONAL STANDARD BOOK NUMBER
International Standard Book Number 9788120339088
022 ## - INTERNATIONAL STANDARD SERIAL NUMBER
International Standard Serial Number 9788120339088
040 ## - CATALOGING SOURCE
Transcribing agency 0
050 ## - LIBRARY OF CONGRESS CALL NUMBER
Classification number 005.5
082 ## - DEWEY DECIMAL CLASSIFICATION NUMBER
Classification number 005.5
100 ## - MAIN ENTRY--PERSONAL NAME
Personal name Windows Vista.
245 ## - TITLE STATEMENT
Title 2007 Microsoft Office System and Your Windows-Based PC.
Remainder of title A real-life guide to getting more done.
Statement of responsibility, etc. Windows Vista.
260 ## - PUBLICATION, DISTRIBUTION, ETC.
Place of publication, distribution, etc. New Delhi
Name of publisher, distributor, etc. PHI Learning.
Date of publication, distribution, etc. 2009
300 ## - PHYSICAL DESCRIPTION
Extent 212p.
500 ## - GENERAL NOTE
General note Paper Cover
600 ## - SUBJECT ADDED ENTRY--PERSONAL NAME
Personal name Windows Vista.
700 ## - ADDED ENTRY--PERSONAL NAME
Personal name Windows Vista.
942 ## - ADDED ENTRY ELEMENTS (KOHA)
Source of classification or shelving scheme
Koha item type Book
Call number prefix 005.5
Holdings
Withdrawn status Lost status Source of classification or shelving scheme Damaged status Not for loan Collection code Permanent Location Current Location Shelving location Date acquired Total Checkouts Total Renewals Full call number Barcode Date last seen Date last checked out Price effective from Koha item type
            Central Library (CL) Central Library (CL) First Floor - Operating System/ Data Structure 08/17/2015 2 1 005.5 PHI NBS8443 12/07/2021 07/05/2021 08/17/2015 Book
© 2023 Central Library, National University of Sciences and Technology. All Rights Reserved.